導出完成 — 

Phân lập và tuyển chọn một số dòng vi khuẩn chịu mặn có khả năng cố định đạm từ nền đất lúa trong mô hình canh tác lúa-tôm tại một số tỉnh Đồng bằng sông Cửu Long : Luận văn thạc sĩ. Chuyên ngành Công nghệ sinh học

Phân lập và tuyển chọn một số dòng vi khuẩn chịu mặn có khả năng cố định đạm từ nền đất lúa trong mô hình canh tác lúa-tôm tại một số tỉnh Đồng bằng Sông Cửu Long; góp phần hạn chế tác động tiêu cực của thuốc trừ sâu lên đất trồ...

全面介紹

Đã lưu trong:
書目詳細資料
主要作者: Lý, Thị Thùy Linh
格式: 圖書
語言:Undetermined
出版: Cần Thơ Trường Đại học Cần Thơ 2016
主題:
標簽: 添加標簽
沒有標簽, 成為第一個標記此記錄!
Thư viện lưu trữ: Trung tâm Học liệu Trường Đại học Cần Thơ
LEADER 01314nam a2200205Ia 4500
001 CTU_213967
008 210402s9999 xx 000 0 und d
082 |a 579.3 
082 |b L312 
100 |a Lý, Thị Thùy Linh 
245 0 |a Phân lập và tuyển chọn một số dòng vi khuẩn chịu mặn có khả năng cố định đạm từ nền đất lúa trong mô hình canh tác lúa-tôm tại một số tỉnh Đồng bằng sông Cửu Long : 
245 0 |b Luận văn thạc sĩ. Chuyên ngành Công nghệ sinh học 
245 0 |c Lý Thị Thùy Linh ; Nguyễn Khởi Nghĩa (Cán bộ hướng dẫn) 
260 |a Cần Thơ 
260 |b Trường Đại học Cần Thơ 
260 |c 2016 
520 |a Phân lập và tuyển chọn một số dòng vi khuẩn chịu mặn có khả năng cố định đạm từ nền đất lúa trong mô hình canh tác lúa-tôm tại một số tỉnh Đồng bằng Sông Cửu Long; góp phần hạn chế tác động tiêu cực của thuốc trừ sâu lên đất trồng 
650 |a Bacteriology,Vi khuẩn 
904 |i Nguyên 
980 |a Trung tâm Học liệu Trường Đại học Cần Thơ